Statistics for Olympic teams who have never won a medal

Click here to take the quiz!

General Stats

  • This quiz has been taken 38 times
  • The average score is 38 of 79

Answer Stats

Number of GamesSummerWinterNOC% Correct
201010Andorra
77%
21138San Marino
77%
990DR Congo
71%
550Saint Kitts and Nevis
71%
880Somalia
71%
660Yemen
71%
16133Fiji
69%
10100Lesotho
69%
770Saint Vincent and the Grenadines
69%
880Bangladesh
66%
880Bhutan
66%
11110Congo
66%
11110Chad
63%
12111Madagascar
63%
15150Malta
63%
27198Monaco
63%
880Angola
60%
550Nauru
60%
15123Nepal
60%
880Oman
60%
550Saint Lucia
60%
880Samoa
60%
1165Bosnia and Herzegovina
57%
440Brunei
57%
440Federal States of Micronesia
57%
990Jordan
57%
330Kiribati
57%
220Marshall Islands
57%
880Rwanda
57%
880Seychelles
57%
880Solomon Islands
57%
11110Belize
54%
880Cambodia
54%
990Central African Republic
54%
12120Mali
54%
1091Swaziland
54%
550Cape Verde
51%
550Comoros
51%
880Laos
51%
16160Myanmar
51%
440Palau
51%
550São Tomé and Príncipe
51%
550Turkmenistan
51%
220Tuvalu
51%
770Vanuatu
51%
972Albania
49%
10100Benin
49%
550Dominica
49%
880Equatorial Guinea
49%
10100Guinea
49%
11101Honduras
49%
990Malawi
49%
10100Sierra Leone
49%
990Antigua and Barbuda
46%
880Burkina Faso
46%
10100El Salvador
46%
990Libya
46%
770Maldives
46%
880Mauritania
46%
330Timor-Leste
46%
18135Bolivia
43%
11110Nicaragua
43%
550Guinea-Bissau
40%
880Gambia
37%
990Papua New Guinea
37%
11110Liberia
34%
550Palestine
26%
770Aruba
23%
981British Virgin Islands
14%
1091Cayman Islands
14%
871Guam
14%
871American Samoa
11%
770Cook Islands
11%
330Republic of China
9%
220Malaya
6%
110North Borneo
6%
220North Yemen
6%
110Saar
6%
110South Yemen
6%

Score Distribution

Percentile by Number Answered

Percent of People with Each Score

Your Score History

You have not taken this quiz